All Winners Of The Indy 500 - Statistics

General Stats
  • This quiz has been taken 28 times
    2 since last reset
  • The average score is 28 of 111
Answer Stats
Answer % Correct
1970 | 1971 | 1978 | 1987 Al Unser
100%
1992 | 1994 Al Unser Jr
100%
1968 | 1975 | 1981 Bobby Unser
100%
2023 | 2024 Josef Newgarden
100%
2008 Scott Dixon
100%
2018 Will Power
100%
2016 Alexander Rossi
50%
2025 Alex Palou
50%
1953 | 1954 Bill Vukovich
50%
1955 Bob Sweikert
50%
2004 Buddy Rice
50%
1998 Eddie Cheever
50%
1920 Gaston Chevrolet
50%
2003 Gil De Ferran
50%
1966 Graham Hill
50%
2001 | 2002 | 2009 | 2021 Helio Castroneves
50%
1965 Jim Clark
50%
2000 | 2015 Juan Pablo Montoya
50%
1999 Kenny Brack
50%
2022 Marcus Ericsson
50%
1969 Mario Andretti
50%
1911 Ray Harroun
50%
1979 | 1984 | 1988 | 1991 Rick Mears
50%
1957 Sam Hanks
50%
2019 Simon Pagenaud
50%
2017 | 2020 Takuma Sato
50%
1961 | 1964 | 1967 | 1977 AJ Foyt
0%
1990 | 1997 Arie Luyendyk
0%
1934 Bill Cummings
0%
1949 Bill Holland
0%
1930 Billy Arnold
0%
1986 Bobby Rahal
0%
1996 Buddy Lazier
0%
1985 Danny Sullivan
0%
2005 | 2011 Dan Wheldon
0%
2007 | 2010 | 2012 Dario Franchitti
0%
1916 Dario Resta
0%
1989 | 1993 Emerson Fittipaldi
0%
1941 Floyd Davis
0%
1938 Floyd Roberts
0%
1926 Frank Lockhart
0%
1932 Fred Frame
0%
1946 George Robson
0%
1927 George Souders
0%
1973 | 1982 Gordon Johncock
0%
1919 Howdy Wilcox
0%
1995 Jacques Villeneuve
0%
1958 Jimmy Bryan
0%
1922 Jimmy Murphy
0%
1960 Jim Rathmann
0%
1924 Joe Boyer
0%
1912 Joe Dawson
0%
1950 Johnnie Parsons
0%
1974 | 1976 | 1980 Johnny Rutherford
0%
1913 Jules Goux
0%
1935 Kelly Petillo
0%
1951 Lee Wallard
0%
1924 Lora L Corum
0%
1928 | 1933 | 1936 Louis Meyer
0%
1931 Louis Schneider
0%
1972 Mark Donohue
0%
1941 | 1947 | 1948 Mauri Rose
0%
1963 Parnelli Jones
0%
1956 Pat Flaherty
0%
1925 Pete DePaolo
0%
1915 Ralph DePalma
0%
1929 Ray Keech
0%
1914 Rene Thomas
0%
1959 | 1962 Rodger Ward
0%
2014 Ryan Hunter-Reay
0%
2006 Sam Hornish Jr
0%
1921 | 1923 Tommy Milton
0%
1983 Tom Sneva
0%
2013 Tony Kanaan
0%
1952 Troy Rutman
0%
1937 | 1939 | 1940 Wilbur Shaw
0%
No matching quizzes found
Score Distribution
Percent of People with Each Score
Percentile by Number Answered
Your Score History
You have not taken this quiz since the last reset